Euro-Atlantic quarterly international affairs

Gespeichert in:
Bibliographische Detailangaben
Format: Schriftenreihe
Sprache:Englisch
Veröffentlicht: Banská Bystrica Slovenská atlantická komisia
Schlagworte:
Tags: Tag hinzufügen
Keine Tags, Fügen Sie das erste Tag hinzu!

MARC

LEADER 00000nas1a2200000$$$4500
001 0126874
005 20230608104859.9
022 |a 1336-8761 
041 0 |a eng 
044 |a SK 
245 1 0 |a Euro-Atlantic quarterly  |b international affairs 
264 1 |a Banská Bystrica  |b Slovenská atlantická komisia 
500 |a Posledné vydané číslo: 1 (2014) 
610 2 0 |a politika medzinárodná 
610 2 0 |a vzťahy hospodárske medzinárodné 
610 2 0 |a politika bezpečnostná